000 00869nam a2200253 i 4500
001 81970
003 ES-MaACL
005 20230906174541.0
007 t|
008 041117s2002 sp ||||1| spa d
020 _a84-339-2555-5
080 _a351.751.5(460)"1939/75"
100 1 _aCisquella, Georgina.
_938930
245 1 3 _aLa represión cultural en el franquismo :
_bdiez años de censura de libros durante la Ley de Prensa (1966-1976) /
_cGeorgina Cisquella, José Luis Erviti, José A. Sorolla.
260 _aBarcelona :
_bAnagrama,
_c[2002]
300 _a225 p. ;
_c22 cm.
490 1 _aCrónicas Anagrama ;
_v55
650 4 _aCensura-
_zEspaña-
_y1939-1975.
_910879
700 1 _aErviti, José Luis.
_947442
700 1 _aSorolla, José A.
_9107420
830 1 _aCrónicas Anagrama ;
_v55
_9180220
852 4 _aES-MaACL
_jL-28475
999 _c81970
_d81970